000 01327ctm a2200277 i 4500
003 SA-RiAUC
005 20251215140352.0
008 251203s1985 su f m 000 0dara c
040 _aSA-JeALM
_bara
_cSA-RiAUC
_erda
082 0 4 _a229.5
090 _aر 229.5
_bص ب ا
100 1 _aصباغ، رفقية عمر بكر
_eمؤلف.
245 1 2 _aالعبرة من قصة يوسف عليه السلام /
_cإعداد رفقية عمر بكر صباغ ؛ إشراف أحمد أحمد غلوش.
264 0 _aمكة المكرمة :
_bجامعة أم القرى.
_c1985
300 _a253 ورقة ؛
_c30 سم
336 _aنص
_btxt
_2rdacontent
_3أطروحة
337 _aبدون وسيط
_bn
_2rdamedia
338 _aمجلد
_bnc
_2rdacarrier
500 _aأطروحة (ماجستير)-جامعة أم القرى، كلية الدعوة وأصول الدين، قسم الكتاب والسنة، 1405 هجري.
502 _aأطروحة (ماجستير)-جامعة أم القرى، كلية الدعوة وأصول الدين، قسم الكتاب والسنة، 1405 هجري.
600 0 7 _aيوسف (عليه السلام)
_2aucnm
630 2 7 _aالقرآن
_xقصص
_2aucut
700 _aغلوش، أحمد أحمد.
_eمشرفا
942 _2ddc
_cTHESES
_n0
949 _aSA-JeALM
_d251203
_umohamedma123
_n1
999 _c13551
_d13551